000
00373nam a2200133Ia 4500
008
151001s9999||||xx |||||||||||||| ||und||
100
_a
गुणाजी गावडे
245
_a
हि फुलेल का पौर्णिमा
250
_a
1
260
_b
प्रमोद गावडे
260
_c
2001
300
_a
71
365
_b
21
999
_c
979219
_d
979216